[Event "SC Klein-Berlin Rheine 1 - SK Dülmen 1"]
[Site "Regionalliga 2016/2017"]
[Date "2016.12.03"]
[Round "4.1"]
[White "Grund, Wolfgang"]
[Black "Ottens, Stephan"]
[Result "0-1"]
[WhiteElo "1898"]
[BlackElo "2120"]
[PlyCount "78"]
[EventDate "2016.??.??"]
[SourceDate "2016.12.18"]

1. e4 c5 2. Nf3 d6 3. d4 cxd4 4. Nxd4 Nf6 5. Bc4 e6 6. Bd3 a6 7. O-O Be7 8. Be3
Qc7 9. Nd2 d5 10. Qf3 Nc6 11. Nxc6 bxc6 12. Rae1 O-O 13. Bg5 h6 14. Bxh6 gxh6
15. e5 Nh7 16. Qh5 f5 17. Re3 Kh8 18. Rh3 Rg8 19. f4 Bb7 20. Qxh6 Bc5+ 21. Kh1
Qg7 22. Qxg7+ Rxg7 23. Rh6 Bc8 24. Rf3 Kg8 25. Nf1 Nf8 26. Rfh3 Rh7 27. Rg3+
Kh8 28. Rxh7+ Kxh7 29. Rh3+ Kg8 30. Ng3 Be7 31. Be2 Ng6 32. Nh5 Kf7 33. Ng3 Bd7
34. Bh5 Kg7 35. Ne2 Rh8 36. g4 fxg4 37. Bxg4 Rxh3 38. Bxh3 c5 39. Kg2 Bb5 0-1

[Event "SC Klein-Berlin Rheine 1 - SK Dülmen 1"]
[Site "Regionalliga 2016/2017"]
[Date "2016.12.03"]
[Round "4.2"]
[White "Brümmer, Frank"]
[Black "Rebber, Christian"]
[Result "1-0"]
[WhiteElo "2166"]
[BlackElo "1898"]
[PlyCount "59"]
[EventDate "2016.??.??"]
[SourceDate "2016.12.18"]

1. d4 d5 2. c4 c6 3. cxd5 cxd5 4. Nc3 Nc6 5. e4 e6 6. e5 g6 7. Nf3 a6 8. Be2
Bg7 9. h4 h5 10. O-O Nge7 11. Bg5 O-O 12. Rc1 Bd7 13. Na4 Qe8 14. Nc5 b5 15.
Qd2 Nf5 16. Rc2 Nfe7 17. Rfc1 f5 18. exf6 Bxf6 19. Bxf6 Rxf6 20. Ne5 Nxe5 21.
dxe5 Rf5 22. Bd3 Rxe5 23. Qf4 Rf5 24. Bxf5 Nxf5 25. Nxd7 Qxd7 26. Qg5 Qg7 27.
Rc7 Qh6 28. Qf6 Ng7 29. Rc8+ Kh7 30. f4 1-0

[Event "SC Klein-Berlin Rheine 1 - SK Dülmen 1"]
[Site "Regionalliga 2016/2017"]
[Date "2016.12.03"]
[Round "4.3"]
[White "Schlütermann, Philipp"]
[Black "Langhanke, Günther"]
[Result "1/2-1/2"]
[WhiteElo "1808"]
[BlackElo "1942"]
[PlyCount "44"]
[EventDate "2016.??.??"]
[SourceDate "2016.12.18"]

1. Nf3 d5 2. g3 Nf6 3. Bg2 c5 4. c4 d4 5. d3 Nc6 6. e3 e5 7. exd4 exd4 8. O-O
Be7 9. Bg5 O-O 10. Re1 h6 11. Bxf6 Bxf6 12. Nbd2 Bf5 13. Ne4 Be7 14. a3 Re8 15.
Qc1 Qc7 16. Qf4 Qxf4 17. gxf4 Rac8 18. Rad1 Kf8 19. Ng3 Bd7 20. Ne5 Nxe5 21.
fxe5 Ba4 22. Rd2 Bc6 1/2-1/2

[Event "SC Klein-Berlin Rheine 1 - SK Dülmen 1"]
[Site "Regionalliga 2016/2017"]
[Date "2016.12.03"]
[Round "4.4"]
[White "Brümmer, Andreas"]
[Black "Mohnke, Martin"]
[Result "1-0"]
[WhiteElo "1925"]
[BlackElo "1918"]
[PlyCount "79"]
[EventDate "2016.??.??"]
[SourceDate "2016.12.18"]

1. d4 Nf6 2. Nf3 g6 3. c4 Bg7 4. g3 O-O 5. Bg2 d6 6. Nc3 Nc6 7. Bf4 Nh5 8. Be3
e5 9. O-O Re8 10. dxe5 Nxe5 11. Nxe5 Bxe5 12. Qd2 Bg7 13. Rfd1 Rb8 14. Bxa7 Ra8
15. Be3 c6 16. Ne4 d5 17. cxd5 cxd5 18. Nc3 Nf6 19. Nxd5 Nxd5 20. Bxd5 Qf6 21.
b3 Qa6 22. Bc4 b5 23. Bd5 Bxa1 24. Bxa8 Qxa8 25. Rxa1 Qe4 26. Qd3 Qe5 27. Rc1
Bh3 28. a4 bxa4 29. bxa4 h5 30. Rc3 Qe7 31. f3 Rd8 32. Qc2 Qb4 33. Kf2 h4 34.
Rc4 hxg3+ 35. hxg3 Qb8 36. Rd4 Rc8 37. Qd1 Re8 38. Rh4 Be6 39. Qd4 Kf8 40. Bg5
1-0

[Event "SC Klein-Berlin Rheine 1 - SK Dülmen 1"]
[Site "Regionalliga 2016/2017"]
[Date "2016.12.03"]
[Round "4.5"]
[White "Lödding, Detlef"]
[Black "Langhans, Jörg"]
[Result "0-1"]
[WhiteElo "1873"]
[BlackElo "1907"]
[PlyCount "84"]
[EventDate "2016.??.??"]
[SourceDate "2016.12.18"]

1. c4 e5 2. g3 c6 3. d4 exd4 4. Qxd4 d5 5. Bg2 Be6 6. cxd5 cxd5 7. Nf3 Nc6 8.
Qa4 Bc5 9. O-O Nf6 10. b4 Bxb4 11. Nd4 Qa5 12. Qxa5 Bxa5 13. Bb2 O-O 14. Na3
Nxd4 15. Bxd4 a6 16. Nc2 Rac8 17. Ne3 Bc3 18. Rad1 Ne4 19. Rd3 Bxd4 20. Rxd4
Nc3 21. Bf3 b5 22. Kg2 g6 23. h4 Rfe8 24. a3 h5 25. Re1 Rc5 26. g4 hxg4 27.
Nxg4 Bxg4 28. Rxg4 Rc4 29. Rxc4 dxc4 30. h5 gxh5 31. Bxh5 Kg7 32. Kf3 Kf6 33.
e4 Rd8 34. e5+ Ke7 35. Re3 Nd5 36. Re1 Nc3 37. Kf4 Rd4+ 38. Kf5 Nd5 39. f3 c3
40. e6 f6 41. Bg4 c2 42. Rc1 Ne3+ 0-1

[Event "SC Klein-Berlin Rheine 1 - SK Dülmen 1"]
[Site "Regionalliga 2016/2017"]
[Date "2016.12.03"]
[Round "4.6"]
[White "Hemmert, Michael"]
[Black "Eiersbrock, Marko"]
[Result "1/2-1/2"]
[WhiteElo "1828"]
[BlackElo "1850"]
[PlyCount "109"]
[EventDate "2016.??.??"]
[SourceDate "2016.12.18"]

1. d4 Nf6 2. Bf4 d5 3. e3 c5 4. c3 Nc6 5. Bd3 Qb6 6. Qc1 Bg4 7. f3 Bh5 8. Nd2
e6 9. Ne2 Rc8 10. b3 cxd4 11. exd4 Bg6 12. Qb1 Nd7 13. Bg3 e5 14. Bf2 exd4 15.
Nxd4 Bc5 16. Bxg6 hxg6 17. Qd3 O-O 18. O-O Nde5 19. Qe2 Rfe8 20. f4 Bxd4 21.
cxd4 Nxd4 22. Qe3 Nef3+ 23. Nxf3 Rxe3 24. Bxe3 Nxf3+ 25. Rxf3 Qa6 26. f5 gxf5
27. Rxf5 Rc2 28. Rf2 Rc3 29. Re1 Rd3 30. Rc2 d4 31. Bf2 Rc3 32. Rd2 d3 33. Red1
Rc2 34. Rxd3 Qxa2 35. Rf1 b6 36. Rg3 Qb2 37. Rg4 Rc1 38. Bd4 Rxf1+ 39. Kxf1 Qd2
40. h3 g5 41. Bf6 Qd1+ 42. Kf2 Qd2+ 43. Kg1 Qd1+ 44. Kf2 Qxb3 45. Rxg5+ Kf8 46.
h4 Qc2+ 47. Kg1 Qd1+ 48. Kf2 Qd2+ 49. Kf3 Qd3+ 50. Kf2 a5 51. g4 Qe4 52. Bg7+
Kg8 53. Be5+ Kh7 54. Rh5+ Kg6 55. Rg5+ 1/2-1/2

[Event "SC Klein-Berlin Rheine 1 - SK Dülmen 1"]
[Site "Regionalliga 2016/2017"]
[Date "2016.12.03"]
[Round "4.7"]
[White "Nolting, Bodo"]
[Black "Brinkmann, Franz-Josef"]
[Result "1/2-1/2"]
[WhiteElo "1708"]
[BlackElo "1773"]
[PlyCount "35"]
[EventDate "2016.??.??"]
[SourceDate "2016.12.18"]

1. e4 c5 2. Nc3 Nc6 3. g3 Nf6 4. Bg2 e5 5. d3 h6 6. f4 d6 7. Nf3 Bg4 8. h3 Bxf3
9. Qxf3 Nd4 10. Qf2 Qd7 11. O-O O-O-O 12. Be3 Be7 13. Bxd4 cxd4 14. Ne2 Kb8 15.
c4 dxc3 16. bxc3 Rc8 17. Kh1 Qb5 18. c4 1/2-1/2

[Event "SC Klein-Berlin Rheine 1 - SK Dülmen 1"]
[Site "Regionalliga 2016/2017"]
[Date "2016.12.03"]
[Round "4.8"]
[White "Miethe, Christoph"]
[Black "Ulunque Villazón, Humberto"]
[Result "1-0"]
[WhiteElo "1695"]
[BlackElo "1672"]
[PlyCount "113"]
[EventDate "2016.??.??"]
[SourceDate "2016.12.18"]

1. e4 c5 2. c3 d6 3. d4 b6 4. Bb5+ Bd7 5. Bxd7+ Qxd7 6. Nf3 g6 7. O-O Bg7 8.
Re1 Nc6 9. d5 Ne5 10. Nxe5 dxe5 11. c4 Nf6 12. Nc3 O-O 13. h3 Ne8 14. b3 Nd6
15. Bb2 a6 16. Qe2 Rfb8 17. Rab1 Rb7 18. f3 b5 19. Nd1 Rab8 20. Ne3 Qc7 21. Bc3
f6 22. Rbc1 b4 23. Ba1 Bh6 24. Rc2 a5 25. Ng4 Bg7 26. Bb2 h5 27. Nf2 Qd7 28.
Nd3 Rc7 29. f4 exf4 30. Nxf4 Qe8 31. Ne6 Rcc8 32. Qf2 Nb7 33. e5 f5 34. Nxg7
Kxg7 35. e6+ Kh7 36. Be5 Ra8 37. Rd2 Nd6 38. Bxd6 exd6 39. Qf4 Qe7 40. h4 a4
41. Qg5 Rc7 42. Qg3 Rca7 43. Ree2 a3 44. Rf2 Rf8 45. Qf4 Kg7 46. Rde2 Raa8 47.
Rf3 Rae8 48. Rg3 Kh7 49. Qg5 Qxg5 50. Rxg5 Re7 51. Kf2 Kg7 52. Kf3 Rh8 53. Kf4
Kf6 54. Re3 Rg8 55. Reg3 Rgg7 56. Ke3 Rg8 57. Rxh5 1-0

[Event "SG Turm Raesfeld/Erle 1 - SC Gronau 1"]
[Site "Regionalliga 2016/2017"]
[Date "2016.12.03"]
[Round "4.1"]
[White "Monsma, Menno"]
[Black "Wilger, Frank"]
[Result "1/2-1/2"]
[WhiteElo "2033"]
[BlackElo "2063"]
[PlyCount "78"]
[EventDate "2016.??.??"]
[SourceDate "2016.12.18"]

1. c4 e5 2. Nc3 Nf6 3. Nf3 Nc6 4. g3 d5 5. cxd5 Nxd5 6. Bg2 Be6 7. O-O Be7 8.
d4 Nxc3 9. bxc3 exd4 10. Nxd4 Nxd4 11. cxd4 c6 12. e3 O-O 13. Qc2 Qd7 14. Bd2
Bh3 15. Bxh3 Qxh3 16. Rab1 Qd7 17. Bb4 Rfe8 18. Bxe7 Rxe7 19. Rfc1 Rae8 20. Rb3
h5 21. h4 Re6 22. Qf5 g6 23. Qf3 Kg7 24. Rcb1 b6 25. Rc3 Rf6 26. Qg2 Rc8 27.
Rbc1 Rd6 28. Qe4 Rd5 29. Qc2 c5 30. Qb2 Kh7 31. dxc5 Rcxc5 32. Rxc5 bxc5 33.
Qc3 Qf5 34. Kg2 Qe6 35. Qc4 Qc6 36. e4 Rd7 37. Qxc5 Qxe4+ 38. Kg1 Qa4 39. a3
Rd1+ 1/2-1/2

[Event "SG Turm Raesfeld/Erle 1 - SC Gronau 1"]
[Site "Regionalliga 2016/2017"]
[Date "2016.12.03"]
[Round "4.2"]
[White "Greifenberg, Daniel"]
[Black "Lütkehermölle, Martin"]
[Result "1-0"]
[WhiteElo "2019"]
[BlackElo "1973"]
[PlyCount "73"]
[EventDate "2016.??.??"]
[SourceDate "2016.12.18"]

1. d4 Nf6 2. Bg5 c5 3. Bxf6 gxf6 4. d5 Qb6 5. Qc1 f5 6. e3 Bg7 7. c3 Qg6 8. c4
d6 9. Nc3 Nd7 10. Qc2 a6 11. Nf3 Ne5 12. O-O-O O-O 13. Nxe5 dxe5 14. f3 Bd7 15.
a4 Bh6 16. Re1 b5 17. cxb5 c4 18. Bxc4 Rfc8 19. Qe2 axb5 20. Bxb5 Bxb5 21. axb5
Qb6 22. Kc2 Ra5 23. Kd2 e6 24. dxe6 Rd8+ 25. Kc2 fxe6 26. Qc4 Rd6 27. g4 Bxe3
28. Rxe3 Rd4 29. Qe2 fxg4 30. Rxe5 Ra8 31. Rxe6 Qc5 32. fxg4 Rf8 33. Qe3 Qb4
34. h3 Rdf4 35. Rh2 Qc4 36. Re7 Qf1 37. Re2 1-0

[Event "SG Turm Raesfeld/Erle 1 - SC Gronau 1"]
[Site "Regionalliga 2016/2017"]
[Date "2016.12.03"]
[Round "4.3"]
[White "Storck, Martin"]
[Black "Gesing, Felix"]
[Result "1/2-1/2"]
[WhiteElo "1931"]
[BlackElo "1960"]
[PlyCount "65"]
[EventDate "2016.??.??"]
[SourceDate "2016.12.18"]

1. c4 Nf6 2. Nc3 g6 3. d4 Bg7 4. e4 d6 5. f4 O-O 6. Nf3 c5 7. d5 Bg4 8. Be2 e6
9. h3 Bxf3 10. Bxf3 exd5 11. cxd5 b5 12. e5 Nfd7 13. Nxb5 dxe5 14. O-O c4 15.
Qa4 e4 16. Be2 Nb6 17. Qa3 a6 18. Nc3 f5 19. Rd1 N8d7 20. Be3 Kh8 21. Rac1 Qb8
22. Rc2 Rc8 23. Qe7 Re8 24. Qh4 Qd6 25. Qf2 Rac8 26. g4 Nc5 27. Bxc5 Rxc5 28.
Kg2 Rf8 29. g5 Rfc8 30. Kg3 Nxd5 31. Na4 Ra5 32. b3 c3 33. Bc4 1/2-1/2

[Event "SG Turm Raesfeld/Erle 1 - SC Gronau 1"]
[Site "Regionalliga 2016/2017"]
[Date "2016.12.03"]
[Round "4.4"]
[White "Brömmel, Rudolf"]
[Black "Reinhold, Klaus"]
[Result "1-0"]
[WhiteElo "1929"]
[BlackElo "1894"]
[PlyCount "115"]
[EventDate "2016.??.??"]
[SourceDate "2016.12.18"]

1. Nc3 e5 2. Nf3 Nc6 3. d4 exd4 4. Nxd4 Nf6 5. Nxc6 bxc6 6. g3 d5 7. Bg2 Bb4 8.
Bd2 O-O 9. Na4 Qe7 10. O-O Re8 11. Re1 Bf5 12. Bxb4 Qxb4 13. c3 Qb5 14. Bf1 Qb8
15. b4 a5 16. a3 axb4 17. cxb4 Qa7 18. Nc5 Ne4 19. Nd3 Qd4 20. Qc1 Qf6 21. Qf4
Re7 22. h4 Nc3 23. Nc5 Nxe2+ 24. Bxe2 Rxe2 25. Rxe2 Qxa1+ 26. Kg2 Bh3+ 27. Kxh3
Qf1+ 28. Kh2 Qxe2 29. a4 Re8 30. Kg2 Qe5 31. Qd2 d4 32. a5 Qd5+ 33. Kh2 d3 34.
Qxd3 Qxd3 35. Nxd3 Rb8 36. a6 Ra8 37. Nc5 Kf8 38. Kg2 Ke7 39. Kf3 Kd8 40. Ke4
Kc8 41. Kd4 Kb8 42. Nd7+ Ka7 43. Kc5 Kxa6 44. Kxc6 Re8 45. Nc5+ Ka7 46. Kxc7
Rb8 47. Nd3 Rb6 48. Kd7 Ka6 49. Ke7 Rf6 50. Kf8 Rf3 51. Ne5 Rxf2 52. Nxf7 Rf3
53. g4 Rf4 54. g5 g6 55. Kg7 Rxh4 56. Nh6 Rh5 57. Kf6 Kb5 58. Ng8 1-0

[Event "SG Turm Raesfeld/Erle 1 - SC Gronau 1"]
[Site "Regionalliga 2016/2017"]
[Date "2016.12.03"]
[Round "4.5"]
[White "Hoge, Torsten"]
[Black "Pollok, Ralf"]
[Result "1/2-1/2"]
[WhiteElo "1899"]
[BlackElo "1956"]
[PlyCount "29"]
[EventDate "2016.??.??"]
[SourceDate "2016.12.18"]

1. c4 Nf6 2. Nc3 d5 3. cxd5 Nxd5 4. g3 g6 5. Bg2 Nb6 6. Nf3 Bg7 7. O-O O-O 8.
d3 c6 9. Bd2 h6 10. Rb1 Be6 11. Qc2 N8d7 12. b3 Rc8 13. Qc1 Kh7 14. Qa3 a6 15.
Qb4 1/2-1/2

[Event "SG Turm Raesfeld/Erle 1 - SC Gronau 1"]
[Site "Regionalliga 2016/2017"]
[Date "2016.12.03"]
[Round "4.6"]
[White "Borutta, Niklas"]
[Black "Reckzügel, Philipp"]
[Result "1-0"]
[WhiteElo "2047"]
[BlackElo "1914"]
[PlyCount "133"]
[EventDate "2016.??.??"]
[SourceDate "2016.12.18"]

1. d4 Nf6 2. Nf3 d5 3. c4 e6 4. g3 c6 5. Bg2 Nbd7 6. O-O Bd6 7. Nbd2 O-O 8. b3
b6 9. Bb2 Bb7 10. Re1 c5 11. cxd5 exd5 12. Ne5 Re8 13. Ndc4 Bf8 14. Nxd7 Nxd7
15. Ne3 Nf6 16. dxc5 Bxc5 17. Nc2 Ne4 18. Bd4 Rc8 19. Rc1 Bxd4 20. Nxd4 Qf6 21.
Bxe4 dxe4 22. e3 Qg5 23. Qd2 h5 24. h4 Qg4 25. Qe2 Qxe2 26. Nxe2 Red8 27. Nd4
f6 28. Red1 Kf7 29. Nb5 a6 30. Nd4 g6 31. Kf1 Rc5 32. b4 Rcc8 33. Ke1 Bd5 34.
a4 Bc4 35. Rc3 b5 36. axb5 axb5 37. Ra1 Ra8 38. Rca3 Rxa3 39. Rxa3 Rd7 40. Ra5
Rb7 41. Kd2 Ke7 42. Ra6 Rd7 43. Rb6 Rd6 44. Rb7+ Rd7 45. Rb8 Rd8 46. Rxd8 Kxd8
47. Kc3 Kd7 48. Nc2 Kd6 49. Kd4 f5 50. Na3 Bd3 51. f3 Ke6 52. fxe4 fxe4 53. Kc5
Kf5 54. Nxb5 Kg4 55. Nd6 Kxg3 56. Nc4 Be2 57. b5 Bg4 58. b6 Bc8 59. Nd6 Ba6 60.
Kb4 Kxh4 61. Ka5 Bb7 62. Nxb7 g5 63. Nd6 g4 64. b7 g3 65. Nf5+ Kg4 66. Nxg3
Kxg3 67. b8=Q+ 1-0

[Event "SG Turm Raesfeld/Erle 1 - SC Gronau 1"]
[Site "Regionalliga 2016/2017"]
[Date "2016.12.03"]
[Round "4.7"]
[White "Tsoukkerman, Boris"]
[Black "Pliete, Christian"]
[Result "1-0"]
[WhiteElo "1917"]
[BlackElo "1847"]
[PlyCount "127"]
[EventDate "2016.??.??"]
[SourceDate "2016.12.18"]

1. Nf3 Nf6 2. d4 c5 3. c3 cxd4 4. cxd4 d5 5. Bf4 Qb6 6. Qb3 Qxb3 7. axb3 Nc6 8.
e3 e6 9. Bb5 Bb4+ 10. Nc3 O-O 11. O-O Nh5 12. Bc7 Bd7 13. h3 Rac8 14. Bh2 a6
15. Be2 Nf6 16. Rfc1 Ne8 17. Na4 Bd6 18. Nb6 Bxh2+ 19. Kxh2 Rd8 20. Nxd7 Rxd7
21. Bxa6 Nd6 22. Bxb7 Rxb7 23. Rxc6 Ne4 24. Rc2 Rxb3 25. Ne5 f6 26. Nd7 Re8 27.
Ra7 Nd6 28. Nc5 Rb6 29. b3 Rc8 30. Rca2 e5 31. Rd7 Nb5 32. Na4 Rbb8 33. dxe5
fxe5 34. Rxd5 e4 35. Re5 Re8 36. Rxe8+ Rxe8 37. Rc2 Rb8 38. Rc4 Nd6 39. Rd4 Nf5
40. Rxe4 Rxb3 41. g4 Nh4 42. f4 Nf3+ 43. Kg2 Ne1+ 44. Kf2 Nc2 45. f5 Ra3 46.
Nc5 Ra2 47. Ra4 Rb2 48. Nd3 Rb1 49. Ra2 Nb4 50. Nxb4 Rxb4 51. Ra7 Rb1 52. e4
Rb3 53. e5 Rxh3 54. e6 Kf8 55. Ra8+ Ke7 56. Rg8 g6 57. Rg7+ Kf8 58. f6 Rh2+ 59.
Kf3 Rh3+ 60. Kf4 g5+ 61. Kxg5 Re3 62. e7+ Ke8 63. Rg8+ Kf7 64. Rf8+ 1-0

[Event "SG Turm Raesfeld/Erle 1 - SC Gronau 1"]
[Site "Regionalliga 2016/2017"]
[Date "2016.12.03"]
[Round "4.8"]
[White "Fasselt, Hendrik"]
[Black "Sprenger, Franz"]
[Result "1/2-1/2"]
[WhiteElo "1822"]
[BlackElo "1696"]
[PlyCount "52"]
[EventDate "2016.??.??"]
[SourceDate "2016.12.18"]

1. b3 e5 2. Bb2 Nc6 3. e3 Nf6 4. Nf3 d6 5. Be2 Be7 6. O-O O-O 7. d4 exd4 8.
Nxd4 Ne5 9. Nd2 Ng6 10. Re1 c6 11. c4 d5 12. Qc2 Bd7 13. Bd3 Qc7 14. N2f3 a6
15. Nf5 Bxf5 16. Bxf5 dxc4 17. Qxc4 Nd5 18. Red1 Rad8 19. Rac1 Bf6 20. Bd4 Bxd4
21. Rxd4 Ne5 22. Qe2 Nxf3+ 23. Qxf3 Nf6 24. Rcd1 Rxd4 25. exd4 Qe7 26. h3 Rd8
1/2-1/2